Countryside Focus (Record no. 118720)
[ view plain ]
| 000 -LEADER | |
|---|---|
| fixed length control field | 00498cas a22001935a 4500 |
| 001 - CONTROL NUMBER | |
| control field | L104250 |
| 008 - FIXED-LENGTH DATA ELEMENTS--GENERAL INFORMATION | |
| fixed length control field | 070618c1999 xxkbr p 0 a0eng u |
| 022 1# - INTERNATIONAL STANDARD SERIAL NUMBER | |
| International Standard Serial Number | 1466-2531 |
| 035 ## - SYSTEM CONTROL NUMBER | |
| System control number | (Sirsi) u104250 |
| 041 0# - LANGUAGE CODE | |
| Language code of text/sound track or separate title | eng |
| 110 2# - MAIN ENTRY--CORPORATE NAME | |
| Corporate name or jurisdiction name as entry element | Countryside Agency |
| 9 (RLIN) | 3740 |
| 245 00 - TITLE STATEMENT | |
| Title | Countryside Focus |
| 260 ## - PUBLICATION, DISTRIBUTION, ETC. | |
| Place of publication, distribution, etc. | Cheltenham |
| Name of publisher, distributor, etc. | Countryside Agency |
| Date of publication, distribution, etc. | 1999- |
| 520 ## - SUMMARY, ETC. | |
| Summary, etc. | Kept for one year |
| 554 ## - | |
| -- | Six per year |
| 651 #4 - SUBJECT ADDED ENTRY--GEOGRAPHIC NAME | |
| Geographic name | England |
| Chronological subdivision | 886- |
| 690 ## - LOCAL SUBJECT ADDED ENTRY--TOPICAL TERM (OCLC, RLIN) | |
| Topical term or geographic name as entry element | PROPERTY-RURAL AND NATURAL ASSETS |
| 942 ## - ADDED ENTRY ELEMENTS (KOHA) | |
| Suppress in OPAC | 0 |
| Withdrawn status | Lost status | Source of classification or shelving scheme | Damaged status | Not for loan | Home library | Current library | Shelving location | Date acquired | Total Checkouts | Full call number | Barcode | Date last seen | Price effective from | Koha item type |
|---|---|---|---|---|---|---|---|---|---|---|---|---|---|---|
| Dewey Decimal Classification | London | London | Gallery | 27/10/2004 | COUNTRYSIDE FOCUS | 104250-1001 | 06/08/2019 | 06/08/2019 | Journal |